Equipos Champions League 23/24 - Estadísticas

Estadísticas generales
  • Esta prueba ha sido intentada 58 veces
  • La puntuación promedio es 21 de 32
Estadísticas de respuestas
Hint Respuesta % Correcto
España Atlético de Madrid
100%
Alemania Bayern de Múnich
100%
Francia Paris Saint German
100%
España FC Barcelona
98%
España Real Madrid
98%
Alemania Borussia Dortmund
96%
Inglaterra Manchester City
94%
Italia AC Milan
90%
Italia Inter de Milán
86%
Inglaterra Arsenal FC
82%
España Real Sociedad
78%
Portugal SL Benfica
78%
Portugal Porto
73%
Países Bajos PSV
71%
Italia Napoli
67%
España Sevilla
67%
Escocia Celtic
65%
Alemania RB Leipzig
63%
Países Bajos Feyenoord
59%
Turquía Galatasaray
59%
Inglaterra Manchester United
57%
Italia SSC Lazio
53%
Suiza Young Boys
49%
Inglaterra Newcastle
47%
Serbia Estrella Roja
45%
Portugal SC Braga
45%
Ucrania Shaktar Donetsk
41%
Austria FC Salzburg
39%
Alemania Unión Berlín
39%
Francia Lens
35%
Bélgica Antwerp
22%
Dinamarca Copenhagen
12%
No se encontraron pruebas coincidentes
Distribución de puntuación
Porcentaje de gente con cada puntuación
Porcentaje por número respondido
Historial de tus puntuaciones
No has intentado esta prueba.